Statistics for 6-Letter MLB Chain

Click here to take the quiz!

General Stats

  • This quiz has been taken 57 times
  • The average score is 14 of 20

Answer Stats

HintAnswer% Correct
Mr. October: ______ JacksonReggie
98%
What the Red Sox and Yankees are to each otherRivals
96%
New York Mets current SS Francisco _______Lindor
93%
Ichiro's last name or a popular Japanese car manufacturerSuzuki
93%
When a batter can swing from either side of the plateSwitch
91%
A type of breaking ball that features a lot of spinSlider
87%
Team punished for using trash cans to their unfair advantageAstros
85%
Current player that hits and pitches at a high levelOhtani
85%
Team whose neighbors include DisneylandAngels
80%
Baseball is composed of nine of themInning
80%
Team whose ballpark features a Splash Hit counterGiants
76%
Better known as Babe: George ______ RuthHerman
76%
Owner of the record for most career savesRivera
74%
One of the "Big 3" pitchers for Atlanta in the 90'sSmoltz
63%
Slang term referring to the pitcher's mound, often "toe'd" when usedRubber
59%
Pitching great that helped bring the knuckleball to prominenceNiekro
52%
Home of the Dodgers when they played in BrooklynEbbets
39%
Team that Joc Pederson played for in the 2023 World Baseball ClassicIsrael
37%
What pitching great Barry Zito became after he retiredSinger
26%
Type of grass often used in warm climate stadiumsZoysia
4%

Score Distribution

Percentile by Number Answered

Percent of People with Each Score

Your Score History

You have not taken this quiz